[Event "WchT Seniors 65"]
[Site "Radebeul"]
[Date "2016.07.01"]
[Round "6.10"]
[White "Mueller, Horst1111"]
[Black "Freise, Eckhard"]
[Result "0-1"]
[WhiteElo "2165"]
[BlackElo "2003"]
[PlyCount "105"]
[EventDate "2016.06.26"]
[EventType "team-swiss"]
[EventRounds "9"]
[EventCountry "GER"]
[SourceTitle "CBM 173 Extra"]
[Source "ChessBase"]
[SourceDate "2016.08.29"]
[SourceVersion "1"]
[SourceVersionDate "2016.08.29"]
[SourceQuality "1"]
[WhiteTeam "Hessen"]
[BlackTeam "Eck Gunners"]
[WhiteTeamCountry "GER"]
[BlackTeamCountry "GER"]

1. c4 f5 2. Nf3 Nf6 3. g3 g6 4. Bg2 Bg7 5. d4 d6 6. 0-0 0-0 7. Nc3 a5 8. e4 fxe4 9. Ng5 Nc6 10. Be3 Ng4 11. Ngxe4 Nxe3 12. fxe3 Rxf1+ 13. Qxf1 e5 14. d5 Nb4 15. Qe2 Bf5 16. Nf2 Bh6 17. g4 Bd7 18. Nfe4 Qe7 19. Rf1 Rf8 20. Rxf8+ Kxf8 21. a3 Na6 22. b3 b6 23. h3 Ke8 24. Bf3 Kd8 25. Kg2 Nc5 26. Nxc5 dxc5 27. Ne4 a4 28. bxa4 Bxa4 29. Kg3 Bg5 30. Qd3 Bh4+ 31. Kg2 Kc8 32. Bd1 Bd7 33. Bf3 Ba4 34. Be2 Be1 35. Bd1 Bd7 36. Qe2 Bh4 37. Qf3 Kb8 38. Kf1 Ka7 39. Qe2 c6 40. Qd2 Qf8+ 41. Kg2 Kb8 42. a4 Ka7 43. a5 b5 44. cxb5 cxb5 45. Be2 Ka6 46. Bxb5+ Kxb5 47. Qb2+ Kc4 48. Qd2 Qb8 49. d6 Qb1 50. Nc3 Qb7+ 51. Qd5+ Qxd5+ 52. Nxd5 Kxd5 53. a6 0-1

[Event "Muensterland Regionalliga 1516"]
[Site "Germany"]
[Date "2016.04.09"]
[Round "8.8"]
[White "Freise, Eckhard"]
[Black "Jarre, Nikolai"]
[Result "0-1"]
[WhiteElo "1809"]
[BlackElo "1698"]
[PlyCount "122"]
[EventDate "2015.09.05"]
[EventType "team"]
[EventRounds "9"]
[EventCountry "GER"]
[SourceTitle "EXT 2017"]
[Source "ChessBase"]
[SourceDate "2016.10.25"]
[SourceVersion "1"]
[SourceVersionDate "2016.10.25"]
[SourceQuality "1"]
[WhiteTeam "Muenster SK III"]
[BlackTeam "Duelmen"]
[WhiteTeamCountry "GER"]
[BlackTeamCountry "GER"]

1. d4 Nf6 2. c4 e5 3. dxe5 Ng4 4. Nf3 Bc5 5. e3 Nc6 6. Be2 Ngxe5 7. Nxe5 Nxe5 8. 0-0 0-0 9. Nc3 Re8 10. a3 a5 11. f4 Nc6 12. Kh1 Bxe3 13. Bxe3 Rxe3 14. Nd5 Re6 15. f5 Rh6 16. f6 d6 17. Qd2 Be6 18. Rf4 Bxd5 19. cxd5 Ne5 20. fxg7 Qg5 21. Qd4 Rf6 22. Raf1 Rxf4 23. Rxf4 Re8 24. Rf1 Qxg7 25. Qa4 Re7 26. Qxa5 Ng6 27. Qd2 Qe5 28. Bf3 Qe3 29. Qxe3 Rxe3 30. Kg1 Ne5 31. Rc1 Nd3 32. Rb1 Kg7 33. Kf1 Kf6 34. Be2 Nf4 35. Bc4 Ke5 36. Kf2 Re4 37. b3 Nxd5 38. Rd1 Ne3 39. Rc1 Nxc4 40. bxc4 Kd4 41. Rb1 b6 42. Rb5 Re5 43. Rb3 Rf5+ 44. Ke2 Kxc4 45. Rh3 h5 46. Ke3 d5 47. Rh4+ Kb5 48. g4 hxg4 49. Rxg4 c5 50. a4+ Ka5 51. h4 c4 52. Kd4 Kxa4 53. Kc3 b5 54. Rg5 b4+ 55. Kb2 Rf2+ 56. Kb1 Kb3 57. Rg3+ c3 58. Rg1 d4 59. h5 d3 60. h6 c2+ 61. Ka1 Rd2 0-1

[Event "Muensterland Regionalliga 1314"]
[Site "Germany"]
[Date "2014.02.01"]
[Round "6.6"]
[White "Freise, Eckhard"]
[Black "Luetkehermoelle, Martin"]
[Result "0-1"]
[WhiteElo "1845"]
[BlackElo "1909"]
[PlyCount "86"]
[EventDate "2013.09.07"]
[EventType "team-tourn"]
[EventRounds "9"]
[EventCountry "GER"]
[SourceTitle "EXT 2015"]
[Source "ChessBase"]
[SourceDate "2014.11.20"]
[SourceVersion "1"]
[SourceVersionDate "2014.11.20"]
[SourceQuality "1"]
[WhiteTeam "Muenster SK III"]
[BlackTeam "Gronau"]
[WhiteTeamCountry "GER"]
[BlackTeamCountry "GER"]

1. d4 e6 2. g3 Nf6 3. Nf3 b6 4. Bg2 Bb7 5. 0-0 Be7 6. c4 0-0 7. Nc3 Ne4 8. d5 Nxc3 9. bxc3 d6 10. Nd4 e5 11. Nf5 Bg5 12. f4 Bf6 13. Bd2 Ba6 14. Ne3 exf4 15. Rxf4 Bg5 16. Rf2 Nd7 17. Qa4 Nc5 18. Qc2 Re8 19. Nf5 Bxc4 20. Nd4 Bxd2 21. Qxd2 Ne4 22. Bxe4 Rxe4 23. Raf1 Bxd5 24. Nf5 Bc4 25. Rf4 Rxf4 26. Rxf4 Be6 27. Nxg7 Kxg7 28. Qd4+ f6 29. Qe4 Bf7 30. Rg4+ Bg6 31. h4 Kh8 32. Qd5 Rc8 33. h5 c6 34. Qe6 Bxh5 35. Rf4 Kg7 36. g4 Bf7 37. Qe3 Qe8 38. Re4 Qg8 39. g5 Re8 40. Qd4 Rxe4 41. Qxf6+ Kf8 42. Qxd6+ Re7 43. Qd8+ Be8 0-1

[Event "Muensterland Regionalliga 1314"]
[Site "Germany"]
[Date "2013.12.07"]
[Round "4.7"]
[White "Freise, Eckhard"]
[Black "Bienhuels, Michael"]
[Result "0-1"]
[WhiteElo "1845"]
[BlackElo "1706"]
[PlyCount "60"]
[EventDate "2013.09.07"]
[EventType "team-tourn"]
[EventRounds "9"]
[EventCountry "GER"]
[SourceTitle "EXT 2015"]
[Source "ChessBase"]
[SourceDate "2014.11.20"]
[SourceVersion "1"]
[SourceVersionDate "2014.11.20"]
[SourceQuality "1"]
[WhiteTeam "Muenster SK III"]
[BlackTeam "Duelmen"]
[WhiteTeamCountry "GER"]
[BlackTeamCountry "GER"]

1. d4 c5 2. d5 Nf6 3. c4 e6 4. Nc3 exd5 5. cxd5 d6 6. e4 g6 7. Bd3 Bg7 8. Nge2 0-0 9. 0-0 a6 10. a4 Nbd7 11. f4 Qc7 12. Qe1 Rb8 13. a5 Re8 14. Qh4 c4 15. Bc2 b5 16. axb6 Qxb6+ 17. Kh1 Qc7 18. e5 Nh5 19. g4 Nxf4 20. exd6 Qxd6 21. Bxf4 Ne5 22. Ra2 Bb7 23. Be4 Qd7 24. h3 Rbd8 25. Qg3 h6 26. Rd1 g5 27. Be3 Nd3 28. Bb6 Rxe4 29. Nxe4 Qxd5 30. Rxd3 Qxe4+ 0-1

[Event "Muensterland Verbandsliga 1213"]
[Site "Germany"]
[Date "2012.12.22"]
[Round "4.6"]
[White "Freise, Eckhard"]
[Black "Kornick, Ulrich"]
[Result "0-1"]
[WhiteElo "1885"]
[BlackElo "1883"]
[PlyCount "74"]
[EventDate "2012.09.22"]
[EventType "team-tourn"]
[EventRounds "9"]
[EventCountry "GER"]
[SourceTitle "EXT 2015"]
[Source "ChessBase"]
[SourceDate "2014.11.20"]
[SourceVersion "1"]
[SourceVersionDate "2014.11.20"]
[SourceQuality "1"]
[WhiteTeam "Muenster SK III"]
[BlackTeam "Rheine Klein Berlin"]
[WhiteTeamCountry "GER"]
[BlackTeamCountry "GER"]

1. d4 d5 2. Nf3 c5 3. dxc5 Nf6 4. g3 Nc6 5. c3 a5 6. Bf4 e6 7. Bd6 Bxd6 8. cxd6 Qxd6 9. Bg2 0-0 10. 0-0 Qe7 11. Na3 e5 12. Nh4 Be6 13. Nc2 Rfd8 14. Qd2 Rac8 15. a4 h6 16. Rfc1 e4 17. f4 exf3 18. Nxf3 Bg4 19. Ncd4 Nxd4 20. Nxd4 Qe5 21. Rf1 Qh5 22. Rf4 Re8 23. Bf3 Re5 24. Rf1 Rce8 25. Qd3 Re3 26. Qb5 Bxf3 27. exf3 Re1 28. Kg2 Qe5 29. Rxe1 Qxe1 30. Qf1 Qd2+ 31. Qf2 Qc1 32. Kh3 Re1 33. Nf5 Qb1 34. Nxh6+ Kh7 35. Nf5 Rc1 36. Rh4+ Kg8 37. Qb6 Qxf5+ 0-1

[Event "GER-ch32 V08 email"]
[Site "GER email"]
[Date "2002.??.??"]
[Round "?"]
[White "Bender, Klaus"]
[Black "Freise, Eckhard"]
[Result "1/2-1/2"]
[WhiteElo "2193"]
[BlackElo "2143"]
[PlyCount "32"]
[EventDate "2001.??.??"]
[EventType "tourn (corr)"]
[EventRounds "12"]
[EventCountry "GER"]
[SourceTitle "Corr 2011"]
[Source "ChessBase"]
[SourceDate "2010.08.31"]
[SourceVersion "1"]
[SourceVersionDate "2010.08.31"]
[SourceQuality "1"]

1. e4 e5 2. Nf3 Nc6 3. Nc3 Nf6 4. d4 exd4 5. Nd5 Be7 6. Bc4 d6 7. Nxd4 Nxd4 8. Qxd4 Nxd5 9. Bxd5 0-0 10. 0-0 Bf6 11. Qd3 Qe7 12. c3 Re8 13. Bf4 Rb8 14. Rad1 Be6 15. Rfe1 Bxd5 16. Qxd5 b5 1/2-1/2

[Event "Berlin Casino sim"]
[Site "Berlin"]
[Date "2001.11.10"]
[Round "?"]
[White "Kortschnoj, Viktor Lvovich"]
[Black "Freise, Eckhard"]
[Result "0-1"]
[WhiteElo "2617"]
[BlackElo "2018"]
[PlyCount "92"]
[EventDate "2001.11.10"]
[EventType "simul"]
[EventRounds "1"]
[EventCountry "GER"]
[SourceTitle "EXT 2008"]
[Source "ChessBase"]
[SourceDate "2007.11.25"]
[SourceVersion "1"]
[SourceVersionDate "2007.11.25"]
[SourceQuality "1"]

1. e4 e5 2. Nf3 Nc6 3. Bb5 f5 4. d3 fxe4 5. dxe4 Nf6 6. 0-0 Bc5 7. Bxc6 bxc6 8. Nxe5 0-0 9. Nd3 Nxe4 10. Nxc5 Nxc5 11. Nc3 Qf6 12. Be3 Ne6 13. f4 Qg6 14. Rf3 Rf6 15. Ne2 d6 16. Ng3 Qg4 17. h3 Qh4 18. Qd3 Ng5 19. fxg5 Rxf3 20. Ne4 Rf7 21. Qc4 Kf8 22. Qxc6 Bb7 23. Qxb7 Re8 24. g6 Qxe4 25. Qxe4 Rxe4 26. gxh7 Rh4 27. Bxa7 c5 28. Bb8 Ke7 29. Rd1 Rf6 30. a4 Rxh7 31. a5 Rh8 32. Bc7 Kd7 33. Bb6 Kc6 34. c3 Re8 35. b4 Re2 36. bxc5 dxc5 37. Rd3 Rg6 38. g3 Rd6 39. Rxd6+ Kxd6 40. h4 Rc2 41. h5 Rxc3 42. Kf2 Kd5 43. g4 Ke4 44. a6 c4 45. g5 Rc2+ 46. Ke1 Ra2 0-1

[Event "Sueder Sommer op 11th"]
[Site "Recklinghausen"]
[Date "2000.07.30"]
[Round "9"]
[White "Freise, Eckhard"]
[Black "Jellinghaus, Lars"]
[Result "0-1"]
[WhiteElo "2022"]
[BlackElo "2259"]
[PlyCount "80"]
[EventDate "2000.07.22"]
[EventType "swiss"]
[EventRounds "9"]
[EventCountry "GER"]
[SourceTitle "EXT 2001"]
[Source "ChessBase"]
[SourceDate "2000.11.22"]
[SourceVersion "1"]
[SourceVersionDate "2000.11.22"]
[SourceQuality "1"]

1. d4 e6 2. c4 b6 3. a3 Nf6 4. Nf3 Bb7 5. g3 c5 6. e3 Be7 7. Bg2 cxd4 8. exd4 d5 9. cxd5 Nxd5 10. 0-0 0-0 11. Nc3 Nd7 12. Nxd5 Bxd5 13. Bf4 Rc8 14. Qa4 a5 15. Rfc1 Nf6 16. Rxc8 Qxc8 17. Rc1 Qa8 18. Ne1 Rc8 19. Rxc8+ Qxc8 20. Qc2 Qd7 21. Qc7 Qxc7 22. Bxc7 Bxg2 23. Nxg2 Nd5 24. Bf4 a4 25. Kf1 Kf8 26. Ke2 Ke8 27. Kd3 Kd7 28. Bd2 Kc6 29. Ne1 b5 30. Nc2 Nb6 31. Ne3 Bg5 32. f4 Be7 33. Ng4 f6 34. h4 Nc4 35. Bc3 Kd5 36. Ne3+ Nxe3 37. Kxe3 Kc4 38. Ke4 Bxa3 39. f5 exf5+ 40. Kxf5 Bd6 0-1

[Event "Dortmund op-A"]
[Site "Dortmund"]
[Date "1999.07.17"]
[Round "9"]
[White "Freise, Eckhard"]
[Black "Naiditsch, Irina"]
[Result "0-1"]
[WhiteElo "2030"]
[BlackElo "2088"]
[PlyCount "96"]
[EventDate "1999.07.??"]
[EventType "swiss"]
[EventRounds "10"]
[EventCountry "GER"]
[SourceTitle "EXT 2002"]
[Source "ChessBase"]
[SourceDate "2001.11.25"]
[SourceVersion "1"]
[SourceVersionDate "2001.11.25"]
[SourceQuality "1"]

1. d4 d5 2. c4 e6 3. Nc3 Nf6 4. cxd5 exd5 5. Bg5 c6 6. Qc2 Be7 7. e3 Bg4 8. Bd3 Nbd7 9. Nge2 0-0 10. f3 Bh5 11. Nf4 Bg6 12. Nxg6 hxg6 13. Bh4 c5 14. 0-0 Rc8 15. Bf2 Nb6 16. Rfd1 cxd4 17. exd4 Bb4 18. Qb3 Bxc3 19. bxc3 Ne8 20. Bg3 Rc6 21. Bb5 Re6 22. Re1 Rxe1+ 23. Rxe1 Nd6 24. a4 Nxb5 25. Qxb5 Qc8 26. a5 Qc4 27. Rb1 Na4 28. Qxc4 dxc4 29. Be1 Rb8 30. Kf1 b5 31. Ke2 a6 32. Kd2 Re8 33. Bg3 f6 34. Re1 Rxe1 35. Bxe1 Kf7 36. Ke3 Ke6 37. Ke4 g5 38. d5+ Kd6 39. Kd4 f5 40. Bd2 Nc5 41. Bxg5 Nb3+ 42. Ke3 Nxa5 43. Kf4 Nb3 44. h4 a5 45. h5 a4 46. h6 gxh6 47. Bxh6 Kxd5 48. Bf8 Nc5 0-1